Основы гидрогеологии и инженерной геологии: учебник

Bibliographic Details
Main Author: Седенко М. В. Матвей Васильевич
Language:Russian
Published: Москва, Недра, 1979
Edition:3-е изд., перераб. и доп.
Subjects:
Format: Book
KOHA link:https://koha.lib.tpu.ru/cgi-bin/koha/opac-detail.pl?biblionumber=42991

MARC

LEADER 00000nam0a2200000 4500
001 42991
005 20231101210803.0
035 |a (RuTPU)RU\TPU\book\44387 
090 |a 42991 
100 |a 20020923d1979 m y0rusy50 ca 
101 0 |a rus 
102 |a RU 
105 |a a j 001zy 
200 1 |a Основы гидрогеологии и инженерной геологии  |e учебник   |f М. В. Седенко 
205 |a 3-е изд., перераб. и доп. 
210 |a Москва  |c Недра  |d 1979 
215 |a 201 с.  |c ил. 
320 |a Библиогр.: с. 197-198. 
451 1 |0 (RuTPU)RU\TPU\book\44334  |t Основы гидрогеологии и инженерной геологиии  |o учебник для геол.-развед. и горных техникумов  |f М. В. Седенко  |e 2-е изд., перераб. и доп.  |c Москва  |n Недра  |d 1970  |p 176 с.  |a Седенко, Матвей Васильевич 
606 1 |a Гидрогеология  |2 stltpush  |3 (RuTPU)RU\TPU\subj\38647  |9 59032 
606 1 |a Инженерная геология  |2 stltpush  |3 (RuTPU)RU\TPU\subj\12572  |9 39335 
610 1 |a учебники 
610 1 |a воды подземные 
610 1 |a физические свойства 
610 1 |a химический состав 
675 |a 556.3(075.32)  |v 3 
675 |a 624.131.1(075.32)  |v 3 
700 1 |a Седенко  |b М. В.  |g Матвей Васильевич 
801 1 |a RU  |b 63413507  |c 20020923  |g PSBO 
801 2 |a RU  |b 63413507  |c 20170420  |g PSBO 
900 |a Гидрогеология и инженерная геология 
900 |a Основы гидрогеологии и инженерной геологии 
942 |c BK 
952 |a 511000  |b 011400